000 01065nas a2200325 4500
001 BR0802131
003 BR-BrBNA
005 20231205111921.0
007 ta
008 230509b bl.|||p| |||| 00| 00por d
040 _aBR-BrBNA
_bpor
_cBiblioteca Nacional de Agricultura
041 _a(En)
072 _aL20; L53
100 1 _aCarneiro, F.E.
100 1 _aTorres, R.R.
100 1 _aTrapazzon, R.
100 1 _aRamírez, S.A.
100 1 _aGuerra Júnior, J.C.V.
100 1 _aKoling, D.F.
100 1 _aMoretto, G.
245 1 _aChanges in the reprodutive ability of the Mite Varroa destructor (Anderson e Trueman)in africanized honey bees (Apis mellifera L.)(Hymenoptera: Apidae)Colonies in Southern Brazil
650 _aABELHA
650 _aCOMPORTAMENTO ANIMAL
650 _aREPRODUÇÃO ANIMAL
650 _aABELHA AFRICANA
650 _aSUL DO BRASIL
773 0 _tNeotropical Entomology (Brazil)
_xISSN 1519-566X
_g(Nov-Dec 2007), v. 36(6) p. 949-952
_wBR0802131
909 _a202311
_bLúcia
_c55
_dLúcia Elande
942 _2AGRIS
_n0
_cANA
999 _c195128
_d195128